[Event "Baden-ch U1700"]
[Site "Walldorf"]
[Date "2017.07.29"]
[Round "5"]
[White "Niedermaier, Helmut"]
[Black "Hamar, Dirk"]
[Result "1-0"]
[WhiteElo "1744"]
[BlackElo "1496"]
[PlyCount "91"]
[EventDate "2017.07.26"]
[EventType "swiss"]
[EventRounds "7"]
[EventCountry "GER"]
[SourceTitle "EXT 2018"]
[Source "ChessBase"]
[SourceDate "2017.10.13"]
[SourceVersion "1"]
[SourceVersionDate "2017.10.13"]
[SourceQuality "1"]

1. e4 c6 2. Nc3 d5 3. Nf3 Bg4 4. h3 Bh5 5. exd5 cxd5 6. g4 Bg6 7. Bb5+ Nc6 8. Ne5 Rc8 9. h4 Qd6 10. d4 h6 11. h5 Bh7 12. 0-0 g6 13. Bf4 Qd8 14. hxg6 fxg6 15. Bg3 Nf6 16. f4 a6 17. Nxc6 bxc6 18. Bxa6 Rb8 19. f5 Rxb2 20. fxg6 Bxg6 21. Bd3 Bf7 22. Qe2 Bg7 23. Rab1 Rxb1 24. Rxb1 Nd7 25. Bf5 Bxd4+ 26. Kg2 Bxc3 27. Bxd7+ Kxd7 28. Rb7+ Ke8 29. Rb8 Qxb8 30. Bxb8 Kd7 31. Bf4 Ra8 32. Qd3 d4 33. Qf5+ Be6 34. Qe5 Bd5+ 35. Kh3 Ra7 36. Bxh6 Rxa2 37. Bg5 Bb4 38. Qxd4 Ra3+ 39. Kh4 Be1+ 40. Kh5 e5 41. Qc5 Rh3+ 42. Kg6 Be4+ 43. Kg7 Rh7+ 44. Kg8 Ke6 45. Qe3 Rd7 46. Qxe4 1-0

[Event "Pinneberg-ch"]
[Site "Pinneberg"]
[Date "2011.09.15"]
[Round "5"]
[White "Hadlich, Winfried"]
[Black "Hamar, Dirk"]
[Result "1/2-1/2"]
[WhiteElo "1942"]
[BlackElo "1541"]
[PlyCount "92"]
[EventDate "2011.08.18"]
[EventType "swiss"]
[EventRounds "7"]
[EventCountry "GER"]
[SourceTitle "CBM 144 Extra"]
[Source "ChessBase"]
[SourceDate "2011.10.28"]
[SourceVersion "1"]
[SourceVersionDate "2011.10.28"]
[SourceQuality "1"]

1. d4 d5 2. Nf3 Nf6 3. Bg5 e6 4. e3 Be7 5. Nbd2 Nbd7 6. c3 c5 7. Bd3 Qb6 8. b3 h6 9. Bh4 Qc7 10. Bg3 Bd6 11. Bxd6 Qxd6 12. c4 0-0 13. 0-0 Re8 14. Qc2 b6 15. cxd5 exd5 16. Rfe1 Bb7 17. Bf5 cxd4 18. Nxd4 Rac8 19. Qb2 Qe5 20. N2f3 Qb8 21. Rac1 Rxc1 22. Rxc1 Rc8 23. h3 Rxc1+ 24. Qxc1 Ne5 25. Nxe5 Qxe5 26. Qa3 a5 27. Qc1 g6 28. Bc8 Ba8 29. Ba6 Qb8 30. Qc8+ Qxc8 31. Bxc8 Ne4 32. f3 Nc3 33. a4 Nd1 34. Nc2 Nc3 35. Kf2 b5 36. axb5 Nxb5 37. Bd7 Nc3 38. Ke1 Kf8 39. Kd2 Na2 40. Nd4 Nb4 41. Bb5 Ke7 42. Kc3 Na2+ 43. Kb2 Nb4 44. Nc2 Kd6 45. Be8 Nd3+ 46. Kc3 Ne5 1/2-1/2

[Event "Berlin Lichtenberger op 8th"]
[Site "Berlin"]
[Date "2009.08.21"]
[Round "7"]
[White "Hamar, Dirk"]
[Black "Steppan, Siegfried"]
[Result "1/2-1/2"]
[WhiteElo "1544"]
[BlackElo "1584"]
[PlyCount "58"]
[EventDate "2009.08.15"]
[EventType "swiss"]
[EventRounds "9"]
[EventCountry "GER"]
[SourceTitle "CBM 131 Extra"]
[Source "ChessBase"]
[SourceDate "2009.09.03"]
[SourceVersion "2"]
[SourceVersionDate "2009.09.16"]
[SourceQuality "1"]

1. c4 g6 2. Nc3 Nf6 3. g3 Bg7 4. Nf3 d6 5. d4 0-0 6. Bg2 Nbd7 7. d5 c6 8. 0-0 cxd5 9. cxd5 Nc5 10. Ne1 Bf5 11. f3 Qb6 12. Kh1 Qd8 13. g4 Bc8 14. Nd3 Nxd3 15. Qxd3 a6 16. e4 b5 17. Be3 Bb7 18. Rac1 Nd7 19. Rfd1 Ne5 20. Qe2 Rc8 21. Qf2 Nd7 22. Rc2 Rc4 23. Rdc1 Qa8 24. Bf1 Rc7 25. Ne2 Rxc2 26. Rxc2 Rc8 27. Nd4 Rxc2 28. Qxc2 Bxd4 29. Bxd4 Qc8 1/2-1/2

[Event "Berlin Lichtenberger op 8th"]
[Site "Berlin"]
[Date "2009.08.16"]
[Round "3"]
[White "Schweitzer, Paul"]
[Black "Hamar, Dirk"]
[Result "1-0"]
[WhiteElo "1794"]
[BlackElo "1544"]
[PlyCount "73"]
[EventDate "2009.08.15"]
[EventType "swiss"]
[EventRounds "9"]
[EventCountry "GER"]
[SourceTitle "CBM 131 Extra"]
[Source "ChessBase"]
[SourceDate "2009.09.03"]
[SourceVersion "2"]
[SourceVersionDate "2009.09.16"]
[SourceQuality "1"]

1. Nf3 c6 2. e4 d5 3. exd5 cxd5 4. d3 Bg4 5. Nbd2 Nf6 6. Be2 Nc6 7. c3 e5 8. Qa4 Bd6 9. h3 Bh5 10. g4 Bg6 11. Nf1 e4 12. dxe4 Bxe4 13. Ng3 Bxg3 14. fxg3 Qe7 15. 0-0 Qc5+ 16. Nd4 Kf8 17. Be3 Nxd4 18. Bxd4 Qd6 19. Qb4 Qxb4 20. cxb4 Nd7 21. Rac1 Ke7 22. Rc7 Ke6 23. g5 Rad8 24. a4 Rhe8 25. a5 a6 26. b5 axb5 27. Bxb5 Re7 28. Rxb7 Rc8 29. Ra7 Nb8 30. Rxe7+ Kxe7 31. a6 Rc2 32. Bf2 Nc6 33. Bxc6 Rxc6 34. a7 Ra6 35. b4 d4 36. Re1 Re6 37. Rxe4 1-0

[Event "Bad Woerishofen op 24th"]
[Site "Bad Woerishofen"]
[Date "2008.03.05"]
[Round "7"]
[White "Hamar, Dirk"]
[Black "Fries, Elisabeth"]
[Result "1-0"]
[WhiteElo "1346"]
[BlackElo "1487"]
[PlyCount "85"]
[EventDate "2008.02.28"]
[EventType "swiss"]
[EventRounds "9"]
[EventCountry "GER"]
[SourceTitle "EXT 2022"]
[Source "ChessBase"]
[SourceDate "2021.10.06"]
[SourceVersion "1"]
[SourceVersionDate "2021.10.06"]
[SourceQuality "1"]

1. c4 c5 2. g3 Nc6 3. Bg2 Nf6 4. Nc3 d6 5. Nf3 e5 6. d3 Be7 7. Bg5 h6 8. Bxf6 Bxf6 9. Na4 Be7 10. Nc3 Be6 11. e4 0-0 12. Nd5 Bxd5 13. cxd5 Qa5+ 14. Qd2 Qxd2+ 15. Kxd2 Na5 16. Rac1 b5 17. b3 Rfc8 18. Bh3 Rc7 19. b4 Nb7 20. Rc3 a5 21. bxc5 Nxc5 22. Rhc1 Raa7 23. Ke2 g6 24. Nh4 Bg5 25. R1c2 Kg7 26. Nf3 Bf6 27. Ke3 h5 28. d4 exd4+ 29. Nxd4 Bxd4+ 30. Kxd4 Re7 31. Rxc5 dxc5+ 32. Rxc5 Reb7 33. Ke5 Kf8 34. Kf6 Rb6+ 35. Ke5 Ke7 36. f4 b4 37. Bf1 a4 38. Bb5 b3 39. axb3 a3 40. Ba4 a2 41. Rc1 Rxb3 42. d6+ Kd8 43. Bxb3 1-0